| 000 | 00481nam a22001817a 4500 | ||
|---|---|---|---|
| 999 |
_c3379 _d3379 |
||
| 003 | GBCCL | ||
| 005 | 20241126110453.0 | ||
| 008 | 171127b xxu||||| |||| 00| 0 eng d | ||
| 020 | _a0-8007-1283-8 | ||
| 040 | _cgbc | ||
| 082 |
_a248.844 _bLAN |
||
| 100 |
_aLandorf,Joyce _95632 |
||
| 245 |
_aTouch and tender: _bWhat every woman wants in man / _cJoyce Landorf |
||
| 260 |
_aNew York: _bGuideposts, _c1981 |
||
| 300 |
_a190p.; _c20 cm. |
||
| 650 |
_aMarriage _92123 |
||
| 942 |
_2ddc _cBK |
||